=LDR 00000nam 2200000 4500 =001 INLIS000000000017514 =005 20130612112726 =008 ***********************************Ind** =035 ##$$0010-061300000017514 =041 ##$$a Ind =082 ##$$a 615.14 =090 ##$$a 615.14, Rag o =100 ##$$a Rage, Mark =245 ##$$a Obat-obat yang paling sering disresepkan, Mark Rage =260 ##$$a 2002 $b Jakarta =300 ##$$a xi, 106 hlm, ilus, 19 cm =650 ##$$a Obat Resep =850 ##$$a NBPNMAT